banner koha

Efeito da fração não-oleosa do Ricinus communis na biodistribuição com Tecnécio99m em camundongos (Registro n. 299939)

MARC details
000 -LÍDER
fixed length control field 04242nab a2200337 i 4500
003 - CÓDIGO MARC DA AGÊNCIA CATALOGADORA
Campo de controle BR-BrBNA
005 - DATA E HORA DA ÚLTIMA ATUALIZAÇÃO
Campo de controle 20240606141133.0
008 - CAMPO DE TAMANHO FIXO
fixed length control field 240606b2015 bl.qr|pooa||| 00| 0 por |
040 ## - FONTE DA CATALOGAÇÃO
Agência catalogadora BR-BrBNA
Idioma da catalogação por
072 ## - CATEGORIA AGRIS
Código AGRIS F60
100 ## - ENTRADA PRINCIPAL - NOME PESSOAL
Nome pessoal Mousinho, K.C.
100 ## - ENTRADA PRINCIPAL - NOME PESSOAL
Nome pessoal Matos-Rocha, T.J.
100 ## - ENTRADA PRINCIPAL - NOME PESSOAL
Nome pessoal Pereira, E.A.C.
100 ## - ENTRADA PRINCIPAL - NOME PESSOAL
Nome pessoal Correia, M.B.L.
100 ## - ENTRADA PRINCIPAL - NOME PESSOAL
Nome pessoal Simey, S.L.P.
100 ## - ENTRADA PRINCIPAL - NOME PESSOAL
Nome pessoal Souza, I.A.
100 ## - ENTRADA PRINCIPAL - NOME PESSOAL
Nome pessoal Carvalho, A.A.
100 ## - ENTRADA PRINCIPAL - NOME PESSOAL
Nome pessoal Catanho, M.T.J.A.
245 ## - TÍTULO PRINCIPAL
Título principal Efeito da fração não-oleosa do Ricinus communis na biodistribuição com Tecnécio99m em camundongos
500 ## - NOTA GERAL
Nota geral Publicação on-line; 45 ref.; 2 tables; 1 illus.; Summaries (En, Pt)
942 ## - ADDED ENTRY ELEMENTS (KOHA)
Koha item type
520 ## - NOTA DE RESUMO
Nota de conteúdo <br/><br/>RESUMO: <br/><br/>Ricinus communis é uma planta pertence à família Euforbiaceae. A partir de<br/>seus frutos é extraído o óleo de rícino e outra fração altamente tóxica (fração não-oleosa).<br/>Neste estudo, foi avaliado o efeito da fração não oleosa de R. communis (FNORC) na<br/>biodistribuição do Tc-99m em camundongos sadios e em animais transplantados com<br/>Sarcoma-180 (S180). Para avaliação da biodistribuição do Tc-99m, o percentual de<br/>atividade radioativa total injetada (ATI%) foi mensurada utilizando um contador gama. Os<br/>resultados mostraram que, em animais sadios, houve aumento da captação do Tc-99m<br/>após o tratamento com FNORC pelos rins, cérebro e estômago. Apenas houve diminuição<br/>da absorção deste radioisótopo nos músculos. Em animais com tumor, houve redução<br/>significativa da captação do Tc-99m no coração, pulmões e tumor, e foi observado o aumento<br/>da captação apenas nos rins. Foi observada também a diminuição da concentração<br/>das proteínas plasmáticas totais em animais com tumor após tratamento com FNORC e<br/>atividade antitumoral significativa. Diante desses dados, conclui-se que fração não oleosa<br/>de R. communis possui atividade antitumoral significativa, porém altera a biodistribuição do<br/>Tc-99m, fato este que pode resultar em falhas nos processos de diagnóstico por imagem<br/>que utilizem este radioisótopo como marcador.<br/><br/>Palavras-chave: Ricinus communis, Tecnécio-99m, Biodistribuição, Proteínas totais,<br/>Atividade antitumoral.<br/>
520 ## - NOTA DE RESUMO
Nota de conteúdo <br/><br/>ABSTRACT: <br/><br/>Effect of non-oily fraction of Ricinus communis on the bio distribution with<br/>Technetium-99m in mice. Ricinus communis is a plant belonging to the Euforbiaceae family.<br/>From its fruits, it is extracted the castor oil and another highly toxic fraction (non-oily fraction). In<br/>this study, we evaluated the effect of the non-oily fraction of R. communis (NOFRC) on the bio<br/>distribution of Tc-99m in healthy mice and in animals transplanted with Sarcoma-180 (S180).<br/>To evaluate the bio distribution of theTc-99m, the percentage of the total injected radioactivity<br/>(% TIR) was measured through a gamma counter. There was an increase in the capitation of<br/>Tc-99m after the treatment with NOFRC in the kidneys, brain, and stomach of healthy animals.<br/>A decrease in the reception of this radionuclide was only found in the muscles. In animals<br/>with tumour, there was a significant reduction in the uptake of Tc-99m in the heart, lungs and<br/>tumour. An increase in the capitation was only observed in the kidneys. It was also observed a<br/>reduction in the total plasma protein concentration in animals with tumours after the treatment<br/>with NOFRC, besides significant antitumor activity. We concluded that there is antitumor activity<br/>in the NOFRC, but that it alters the biodistribution of Tc-99m, a fact which may result in failures<br/>in the diagnostic imaging process using this radioisotope as a marker.<br/><br/>Keywords: Ricinus communis, Technetium-99m, Biodistribution, Total Protein, antitumor activity
650 ## - ASSUNTO - THESAGRO
Cabeçalho tópico ou nome geográfico RICINUS COMMUNIS
650 ## - ASSUNTO - THESAGRO
Cabeçalho tópico ou nome geográfico PROTEÍNA
650 ## - ASSUNTO - THESAGRO
Cabeçalho tópico ou nome geográfico TUMOR
650 ## - ASSUNTO - THESAGRO
Cabeçalho tópico ou nome geográfico RADIOISÓTOPO
773 0# - ENTRADA ANALÍTICA
Host Biblionumber 3543
Registro do item 315665
Imprenta Botucatu-SP Instituto de Biociências - Departamento de Química e Bioquímica 1998
Outro identificador 2024-2026
Título Revista Brasileira de Plantas Medicinais (Brazil)
ISSN 1516-0572
Colação v. 17(3) p. 420-426; (2015)
Número de controle de registro BR2024001363
856 ## - ACESSO E ENDEREÇO ELETRÔNICO
Identificador uniforme de recurso - URI https://www.scielo.br/j/rbpm/a/KnJ8swtfxSrc9Qfv5S7BLvr/?format=pdf&lang=pt

Nenhum exemplar disponível.

BINAGRI

Telefone: (61)3218-2567/2388/3357/2097 - binagri@agro.gov.br

Ministério da Agricultura e Pecuária , Esplanada dos Ministérios, Bloco D, Anexo B, Brasília/DF, CEP: 70.043-900